New Approach of Sucrose Myristate as a Promising Penetration Enhancer in Dermal Preparations

Elmentve itt :
Bibliográfiai részletek
Szerzők: Balázs Boglárka
Csizmazia Eszter
Berkó Szilvia
Budai-Szűcs Mária
Szabó-Révész Piroska
Csányi Erzsébet
Dokumentumtípus: Cikk
Megjelent: 2015
Sorozat:TENSIDE SURFACTANTS DETERGENTS 52 No. 5
doi:10.3139/113.110388

mtmt:2960451
Online Access:http://publicatio.bibl.u-szeged.hu/6638
LEADER 00890nab a2200253 i 4500
001 publ6638
005 20181005090536.0
008 160503s2015 hu o 0|| zxx d
022 |a 0932-3414 
024 7 |a 10.3139/113.110388  |2 doi 
024 7 |a 2960451  |2 mtmt 
040 |a SZTE Publicatio Repozitórium  |b hun 
041 |a zxx 
100 1 |a Balázs Boglárka 
245 1 0 |a New Approach of Sucrose Myristate as a Promising Penetration Enhancer in Dermal Preparations  |h [elektronikus dokumentum] /  |c  Balázs Boglárka 
260 |c 2015 
300 |a 375-379 
490 0 |a TENSIDE SURFACTANTS DETERGENTS  |v 52 No. 5 
700 0 1 |a Csizmazia Eszter  |e aut 
700 0 1 |a Berkó Szilvia  |e aut 
700 0 2 |a Budai-Szűcs Mária  |e aut 
700 0 2 |a Szabó-Révész Piroska  |e aut 
700 0 2 |a Csányi Erzsébet  |e aut 
856 4 0 |u http://publicatio.bibl.u-szeged.hu/6638/1/surfactants_bogi.pdf  |z Dokumentum-elérés